[Event "20e tournoi d'automne"]
[Site "Montigny le Bretonneux"]
[Date "2022.10.22"]
[Round "1.1"]
[White "Gouanelle, Franck"]
[Black "Rosu, Alexandru"]
[Result "1-0"]
[WhiteElo "2065"]
[BlackElo "1428"]
[Annotator "Rivier,Sylvain"]
[PlyCount "51"]
[EventDate "2022.??.??"]

{Ouverture catalane, variante Sokolsky} 1. d4 d5 2. c4 e6 3. Nf3 Nf6 4. g3 Be7
5. Bg2 Nbd7 6. Qc2 O-O 7. O-O c6 8. Nbd2 Bd6 9. b3 Re8 10. Bb2 e5 11. e4 dxe4
12. Nxe4 Nxe4 13. Qxe4 Nf6 14. Qc2 exd4 15. Nxd4 Be5 16. Rad1 Qc7 17. f4 Bd6
18. c5 Be7 19. a3 Nd5 20. Rde1 Bd7 21. Nf3 b6 22. cxb6 axb6 23. Rxe7 Rxe7 24.
Ng5 g6 25. Bxd5 Bf5 26. Qc3 1-0

[Event "20e tournoi d'automne"]
[Site "Montigny le Bretonneux"]
[Date "2022.10.22"]
[Round "1.2"]
[White "Longbien, Dominique"]
[Black "Divies, Renaud"]
[Result "0-1"]
[WhiteElo "1379"]
[BlackElo "1930"]
[Annotator "Rivier,Sylvain"]
[PlyCount "64"]
[EventDate "2022.??.??"]

{Ouverture du pion dame, dÃ©fense est-indienne} 1. d4 Nf6 2. Bf4 g6 3. Nf3 Bg7
4. e3 c5 5. c3 b6 6. Nbd2 Bb7 7. Be2 O-O 8. O-O d6 9. Re1 Nc6 10. Qc2 Rc8 11.
Bg3 Nh5 12. Bh4 cxd4 13. Ng5 dxe3 14. fxe3 Nf6 15. Bf3 d5 16. Nb3 h6 17. Nh3 g5
18. Nxg5 hxg5 19. Bxg5 Ne5 20. Be2 Ne4 21. Bh4 Ng6 22. Bf2 Qd6 23. Nd4 Nxf2 24.
Kxf2 Bxd4 25. exd4 Qxh2 26. Bd3 Rc6 27. Re3 Rf6+ 28. Rf3 Rxf3+ 29. Kxf3 Nh4+
30. Kg4 Bc8+ 31. Kg5 f6+ 32. Kh6 Qf4+ 0-1

[Event "20e tournoi d'automne"]
[Site "Montigny le Bretonneux"]
[Date "2022.10.22"]
[Round "1.3"]
[White "Mouton, Galina"]
[Black "Forissier, Nicolas"]
[Result "0-1"]
[WhiteElo "1406"]
[BlackElo "1922"]
[Annotator "Rivier,Sylvain"]
[PlyCount "74"]
[EventDate "2022.??.??"]

{DÃ©fense GrÃ¼nfeld} 1. Nf3 d5 2. d4 g6 3. c4 Nf6 4. Bg5 Bg7 5. Nc3 c6 6. e3
O-O 7. Qb3 dxc4 8. Bxc4 Nbd7 9. O-O Nb6 10. Be2 Be6 11. Qc2 h6 12. Bh4 Nfd5 13.
a3 Rc8 14. Ne4 Nd7 15. b4 a5 16. Nc5 Nxc5 17. bxc5 b5 18. cxb6 Qxb6 19. Rab1
Qa7 20. Rfc1 f5 21. Qd2 g5 22. Bg3 f4 23. exf4 Nxf4 24. Bxf4 Rxf4 25. Bc4 Bxc4
26. Rxc4 e5 27. Qa2 Qf7 28. Rbc1 exd4 29. Qc2 Rd8 30. Qd3 g4 31. Nd2 Rxf2 32.
Rf1 Rxf1+ 33. Nxf1 Re8 34. Rc2 c5 35. Qc4 Qxc4 36. Rxc4 d3 37. Rxc5 Bd4+ 0-1

[Event "20e tournoi d'automne"]
[Site "Montigny le Bretonneux"]
[Date "2022.10.22"]
[Round "1.4"]
[White "Delmas-Goyon, Francois"]
[Black "Dang, Louis"]
[Result "1-0"]
[WhiteElo "1899"]
[BlackElo "1394"]
[Annotator "Rivier,Sylvain"]
[PlyCount "97"]
[EventDate "2022.??.??"]

{Partie espagnole, défense Morphy} 1. e4 e5 2. Nf3 Nc6 3. Bb5 a6 4. Ba4 Nf6 5.
Qe2 b5 6. Bb3 Bc5 7. c3 d6 8. d3 h6 9. Be3 Ba7 10. h3 Bb7 11. a4 Bxe3 12. Qxe3
O-O 13. O-O Qd7 14. Nbd2 Rfe8 15. Rfd1 d5 16. Qc5 dxe4 17. Nxe4 Nxe4 18. dxe4
Qe7 19. Qxe7 Rxe7 20. axb5 axb5 21. Rxa8+ Bxa8 22. Rd5 Na5 23. Rxb5 Nxb3 24.
Rb8+ Kh7 25. Rxa8 f6 26. Rd8 Nc5 27. Nd2 Na4 28. Nc4 Nc5 29. f3 Ne6 30. Rd2 Nf4
31. Ne3 c6 32. h4 Ng6 33. g3 Rb7 34. b4 Kg8 35. Nf5 Kh7 36. Kf2 Nf8 37. Ke3 Nd7
38. Nd6 Ra7 39. Nc4 c5 40. b5 Kg6 41. b6 Nxb6 42. Nxb6 Ra1 43. Rd5 h5 44. Rxc5
Ra2 45. f4 exf4+ 46. Kxf4 Rf2+ 47. Ke3 Rb2 48. Nd5 Rg2 49. Nf4+ 1-0

[Event "20e tournoi d'automne"]
[Site "Montigny le Bretonneux"]
[Date "2022.10.22"]
[Round "1.5"]
[White "Beaufils, Philippe"]
[Black "Benard, Franck"]
[Result "1/2-1/2"]
[WhiteElo "1774"]
[BlackElo "1365"]
[Annotator "Rivier,Sylvain"]
[PlyCount "85"]
[EventDate "2022.??.??"]

{Début du fou, défense berlinoise} 1. e4 e5 2. Bc4 Nf6 3. d3 h6 4. c3 Bc5 5.
Nf3 d6 6. O-O O-O 7. b4 Bb6 8. a4 a5 9. b5 Be6 10. Qb3 Bxc4 11. Qxc4 Nbd7 12.
Nbd2 Rc8 13. Ba3 Nc5 14. Rae1 Qd7 15. Nb3 Ne6 16. g3 Rfd8 17. Kg2 c6 18. bxc6
Qxc6 19. Qxc6 Rxc6 20. c4 Bc7 21. Rb1 b6 22. Nc1 Nc5 23. Bxc5 dxc5 24. Rb3 Re6
25. Ne1 Rd7 26. Nc2 Bd8 27. Ne3 Kf8 28. Ne2 g6 29. f3 Kg7 30. Rd1 Ne8 31. Nc3
h5 32. Ncd5 Nf6 33. Rdb1 Rdd6 34. h3 Ne8 35. f4 exf4 36. gxf4 f6 37. Kf3 Kf7
38. Rg1 Rd7 39. Rb2 Rb7 40. Rbg2 f5 41. exf5 gxf5 42. Nxf5 Bf6 43. Nh6+ 1/2-1/2

[Event "20e tournoi d'automne"]
[Site "Montigny le Bretonneux"]
[Date "2022.10.22"]
[Round "1.6"]
[White "Danek, Victor"]
[Black "Li, Zi-Long"]
[Result "0-1"]
[WhiteElo "1342"]
[BlackElo "1771"]
[Annotator "Rivier,Sylvain"]
[PlyCount "112"]
[EventDate "2022.??.??"]

{Ouverture anglaise, défense Caro-Kann} 1. c4 c6 2. Nc3 d5 3. g3 Bf5 4. Bg2 e6
5. Nf3 Nf6 6. e3 Nbd7 7. O-O Bd3 8. Re1 dxc4 9. Ne2 Bd6 10. b3 O-O 11. bxc4
Bxc4 12. d3 Ba6 13. Bb2 Nc5 14. e4 Be7 15. e5 Nd5 16. d4 Nd3 17. Qc2 N5b4 18.
Qc3 Nxe1 19. Rxe1 Nxa2 20. Qb3 Nb4 21. Nc3 Nd3 22. Ra1 Qb6 23. Qxb6 axb6 24.
Rb1 Bc4 25. Nd2 Ba2 26. Nxa2 Rxa2 27. Bc3 Rc2 28. Rb3 Nc1 29. Be4 Rxc3 30. Rxb6
Ne2+ 31. Kf1 Nxd4 32. Rxb7 Bc5 33. Rb1 g6 34. Bg2 Rc2 35. Ne4 Ba3 36. Nf6+ Kg7
37. Be4 Rc1+ 38. Rxc1 Bxc1 39. Ke1 Rd8 40. Kd1 Bg5 41. Ng4 h5 42. Ne3 Bxe3 43.
fxe3 Nf3+ 44. Ke2 Nxe5 45. h4 c5 46. Ke1 c4 47. Ke2 c3 48. Ke1 Nc6 49. Ke2 Nb4
50. Ke1 Nd3+ 51. Kd1 Nf2+ 52. Kc2 Nxe4 53. g4 Rd2+ 54. Kc1 Nc5 55. gxh5 Nb3+
56. Kb1 Rb2# 0-1

[Event "20e tournoi d'automne"]
[Site "Montigny le Bretonneux"]
[Date "2022.10.22"]
[Round "1.7"]
[White "Yu, Matthieu"]
[Black "Schwartz, Timothee"]
[Result "1-0"]
[WhiteElo "1743"]
[BlackElo "1334"]
[Annotator "Rivier,Sylvain"]
[PlyCount "73"]
[EventDate "2022.??.??"]

{Défense est-indienne} 1. d4 Nf6 2. c4 g6 3. Nc3 Bg7 4. Nf3 d6 5. Bf4 O-O 6. e3
Bf5 7. Be2 c5 8. O-O Na6 9. h3 Re8 10. d5 Nc7 11. Nd2 a6 12. e4 Bd7 13. a4 b5
14. axb5 axb5 15. cxb5 Rb8 16. Qb3 Rb6 17. Nc4 Rb7 18. Na5 Rb6 19. Na4 Rb8 20.
Nc6 Bxc6 21. dxc6 Nxe4 22. b6 Qc8 23. Qc2 Nd5 24. Qxe4 Nxf4 25. Qxf4 Qxc6 26.
Bf3 Qb5 27. Qd2 Red8 28. Rfe1 e6 29. Qe2 Qd7 30. Red1 Qe8 31. Ra2 Bd4 32. b4
Rdc8 33. bxc5 Bxc5 34. Nxc5 dxc5 35. b7 Rc7 36. Ra8 c4 37. Qe5 1-0

[Event "20e tournoi d'automne"]
[Site "Montigny le Bretonneux"]
[Date "2022.10.22"]
[Round "1.8"]
[White "Briquet, Tom"]
[Black "Orfila, Kristofer"]
[Result "0-1"]
[WhiteElo "1329"]
[BlackElo "1740"]
[Annotator "Rivier,Sylvain"]
[PlyCount "134"]
[EventDate "2022.??.??"]

{Défense sicilienne, variante Taimanov} 1. e4 c5 2. Nf3 e6 3. d4 cxd4 4. Nxd4
Nc6 5. Nc3 Qc7 6. Ndb5 Qb8 7. Be3 a6 8. Nd4 Nf6 9. Bd3 Be7 10. f3 Qc7 11. Qd2
b5 12. O-O O-O 13. Kh1 Bb7 14. Bf4 Ne5 15. Rad1 d6 16. Nb3 Ng6 17. Bg3 Nh5 18.
Bf2 Nhf4 19. Ne2 Nxe2 20. Bxe2 Rac8 21. c3 d5 22. Bg3 Bd6 23. Bxd6 Qxd6 24.
exd5 Bxd5 25. Bd3 Qb6 26. Nd4 Rfd8 27. Bxg6 hxg6 28. Qf2 Bc4 29. Ne2 Qxf2 30.
Rxd8+ Rxd8 31. Rxf2 Bxe2 32. g3 Rd1+ 33. Kg2 Bc4 34. b3 Bd5 35. Rc2 Rd3 36. c4
bxc4 37. bxc4 Bxf3+ 38. Kf2 Bc6 39. Ke2 Ra3 40. Kd2 Be4 41. Rb2 Rd3+ 42. Ke2
Rc3 43. Rb6 a5 44. Rd6 Ra3 45. c5 Rxa2+ 46. Ke3 Bd5 47. Kd3 Rxh2 48. c6 Bxc6
49. Rxc6 Rh3 50. Ra6 Rxg3+ 51. Ke4 Rg5 52. Kf4 Rb5 53. Kg4 Kf8 54. Kf4 Ke7 55.
Ra7+ Kf6 56. Ke4 Rf5 57. Rb7 g5 58. Rb3 Rf4+ 59. Ke3 a4 60. Ra3 Rb4 61. Ra2 Ke5
62. Rf2 a3 63. Rxf7 Ra4 64. Rf1 a2 65. Ra1 g4 66. Kf2 Kd4 67. Ke2 Kc3 0-1

[Event "20e tournoi d'automne"]
[Site "Montigny le Bretonneux"]
[Date "2022.10.22"]
[Round "1.9"]
[White "Plantet, Marc"]
[Black "Martin-Breteau, Paul"]
[Result "0-1"]
[WhiteElo "1739"]
[BlackElo "1329"]
[Annotator "Rivier,Sylvain"]
[PlyCount "56"]
[EventDate "2022.??.??"]

{DÃ©fense sicilienne, attaque yougoslave} 1. e4 c5 2. Nf3 d6 3. d4 cxd4 4. Nxd4
Nf6 5. Nc3 g6 6. Be3 Bg7 7. f3 Nc6 8. Bc4 O-O 9. Qd2 Bd7 10. O-O-O Rc8 11. Bb3
Nxd4 12. Bxd4 b5 13. h4 a5 14. a4 bxa4 15. Nxa4 Bxa4 16. Bxa4 Rc4 17. Bb3 Nxe4
18. Qe3 Bxd4 19. Rxd4 Rxd4 20. Qxd4 Nf6 21. g4 h5 22. Rg1 Kh7 23. Qd3 Qb6 24.
Rg2 Qc5 25. gxh5 Qxh5 26. Qe2 e6 27. Qd3 Qxh4 28. Qd2 Qh1+ 0-1

[Event "20e tournoi d'automne"]
[Site "Montigny le Bretonneux"]
[Date "2022.10.22"]
[Round "1.10"]
[White "Ganbat, Tushig"]
[Black "Touiller, Thibault"]
[Result "0-1"]
[WhiteElo "1309"]
[BlackElo "1712"]
[Annotator "Rivier,Sylvain"]
[PlyCount "144"]
[EventDate "2022.??.??"]

{Défense française, variante d'échange} 1. e4 e6 2. d4 d5 3. exd5 exd5 4. Bd3
Nc6 5. c3 Bd6 6. h3 Nge7 7. Nf3 Bf5 8. Be3 Qd7 9. Qc2 f6 10. Nbd2 O-O-O 11.
O-O-O Rde8 12. Nh4 Bxd3 13. Qxd3 g5 14. Nhf3 Nf5 15. Rhe1 Re7 16. g4 Nxe3 17.
Rxe3 h5 18. Rxe7 Nxe7 19. Rg1 Rh6 20. Kb1 Ng6 21. h4 Nf4 22. Qf5 Qxf5+ 23. gxf5
g4 24. Ne1 Nh3 25. Rg2 Rh8 26. f3 g3 27. Nf1 b6 28. Nxg3 Re8 29. Re2 Rxe2 30.
Nxe2 Nf4 31. Nxf4 Bxf4 32. Nd3 Bg3 33. f4 Bxh4 34. Kc2 Kd7 35. Kd2 Kd6 36. Ke3
Bg3 37. Kf3 h4 38. Nf2 c5 39. Nh1 cxd4 40. cxd4 Be1 41. Ke2 Ba5 42. Nf2 b5 43.
a3 b4 44. axb4 Bxb4 45. Nh3 Kc6 46. Kd3 Kb5 47. Kc2 Kc4 48. Nf2 Kxd4 49. Ng4
Ke4 50. Nxf6+ Kxf5 51. Nxd5 Bd6 52. Kd3 h3 53. Ne3+ Kxf4 54. Nf1 Bc5 55. Ke2
Bg1 56. b4 h2 57. Nxh2 Bxh2 58. Kd3 Bg1 59. Kc4 Bb6 60. Kb5 Ke5 61. Kc6 Kd4 62.
Kb5 Kc3 63. Ka4 Kc4 64. b5 Kc5 65. Kb3 Kxb5 66. Ka3 a5 67. Kb3 Bd4 68. Kc2 Kb4
69. Kb1 Kb3 70. Kc1 a4 71. Kb1 a3 72. Kc1 a2 0-1

[Event "20e tournoi d'automne"]
[Site "Montigny le Bretonneux"]
[Date "2022.10.22"]
[Round "1.11"]
[White "Kvashyna, Tetyana"]
[Black "Alata, Aurelien"]
[Result "0-1"]
[WhiteElo "1677"]
[BlackElo "1306"]
[Annotator "Rivier,Sylvain"]
[PlyCount "98"]
[EventDate "2022.??.??"]

{Ouverture du pion dame} 1. d4 Nf6 2. Nf3 e6 3. e3 Be7 4. Bd3 b6 5. Nbd2 Bb7 6.
O-O O-O 7. b3 Nc6 8. a3 Re8 9. Bb2 d5 10. Rc1 a5 11. Bb5 Nd7 12. Qe2 Na7 13.
Bd3 Bf6 14. Ne5 Nxe5 15. dxe5 Be7 16. f4 Bf8 17. Rf3 g6 18. Rh3 c5 19. Nf3 Bg7
20. Ng5 h6 21. Nf3 Bc6 22. c4 Rb8 23. cxd5 Bxd5 24. Rd1 Qe7 25. Bc2 b5 26. e4
Bc6 27. f5 exf5 28. exf5 f6 29. e6 g5 30. Rg3 Rbd8 31. Nd2 Nc8 32. Ne4 Nd6 33.
Nxd6 Rxd6 34. Rgd3 Red8 35. Rxd6 Rxd6 36. Rxd6 Qxd6 37. Bd3 b4 38. Bc4 Kf8 39.
a4 Ke7 40. Bc1 Qe5 41. Qf2 Kd6 42. Be3 Bf8 43. h4 Kc7 44. hxg5 hxg5 45. Bd3 Bd6
46. g4 Qd5 47. Qe2 Bg3 48. Kf1 Qh1+ 49. Bg1 Qh3+ 0-1

[Event "20e tournoi d'automne"]
[Site "Montigny le Bretonneux"]
[Date "2022.10.22"]
[Round "1.12"]
[White "Rauche, Michel"]
[Black "Cogez, Celine"]
[Result "1-0"]
[WhiteElo "1298"]
[BlackElo "1651"]
[Annotator "Rivier,Sylvain"]
[PlyCount "67"]
[EventDate "2022.??.??"]

{Ouverture anglaise, variante KÃ©rÃ¨s} 1. c4 c6 2. Nc3 d5 3. cxd5 cxd5 4. g3
Nf6 5. Bg2 e5 6. Nf3 Nc6 7. e3 Bg4 8. Qb3 Na5 9. Qc2 Bd6 10. d4 e4 11. Ne5 Be6
12. Qa4+ Nd7 13. Nb5 Bxe5 14. dxe5 O-O 15. Bd2 Nc6 16. Rc1 Ndxe5 17. Nd4 Nd3+
18. Ke2 Nxc1+ 19. Rxc1 Nxd4+ 20. Qxd4 Qd7 21. f4 Qb5+ 22. Kf2 Bg4 23. Bf1 Qd7
24. Rc5 Rfd8 25. Bb5 Qf5 26. Rc7 Qh5 27. h4 Bh3 28. Be2 Bg4 29. Bb5 a6 30. Bc3
f6 31. Rxg7+ Kh8 32. Qxf6 d4 33. Rxb7+ Kg8 34. Qg7# 1-0

[Event "20e tournoi d'automne"]
[Site "Montigny le Bretonneux"]
[Date "2022.10.22"]
[Round "1.13"]
[White "Ascencio-Parvy, Joseph"]
[Black "Marillonnet, Paul"]
[Result "1-0"]
[WhiteElo "1650"]
[BlackElo "1278"]
[Annotator "Rivier,Sylvain"]
[PlyCount "123"]
[EventDate "2022.??.??"]

{DÃ©fense sicilienne, variante TaÃ¯manov} 1. e4 c5 2. c4 Nc6 3. Ne2 e6 4. d4
cxd4 5. Nxd4 Nge7 6. Nb5 Ng6 7. Nd6+ Bxd6 8. Qxd6 Qa5+ 9. Bd2 Qe5 10. Qxe5
Ncxe5 11. Bc3 O-O 12. Be2 b6 13. h4 f6 14. g3 Ne7 15. f4 N5c6 16. Nd2 e5 17.
O-O-O Bb7 18. Nb3 Rfd8 19. Rhe1 exf4 20. gxf4 Ng6 21. Bg4 Nxf4 22. Rf1 Ne6 23.
Rxd7 Rxd7 24. Bxe6+ Rf7 25. Bxf7+ Kxf7 26. e5 Re8 27. exf6 gxf6 28. Bxf6 Re4
29. Nd2 Re6 30. Bc3+ Ke7 31. Rg1 Rg6 32. Rxg6 hxg6 33. Nf3 Nd8 34. Ne5 Be4 35.
Kd2 Ke6 36. Ke3 Bb1 37. a3 Nb7 38. Nc6 a6 39. Kf4 Nd6 40. Ne5 Ne4 41. Bd4 Nc5
42. Kg5 Kd6 43. Kh6 b5 44. cxb5 axb5 45. Nxg6 Ne6 46. Bf6 Kd7 47. Ne7 Ke8 48.
Nd5 Kf7 49. Be5 Nf8 50. Nc3 Bd3 51. a4 bxa4 52. Nxa4 Ng6 53. Bg3 Kf6 54. Nc3
Kf5 55. h5 Nf4 56. Bxf4 Kxf4 57. Kg7 Ke5 58. h6 Kd4 59. h7 Bxh7 60. Kxh7 Kc4
61. Kg6 Kb3 62. Nd1 1-0

[Event "20e tournoi d'automne"]
[Site "Montigny le Bretonneux"]
[Date "2022.10.22"]
[Round "1.14"]
[White "Aidan, David"]
[Black "Demiro O Domiro, Marc"]
[Result "0-1"]
[WhiteElo "1266"]
[BlackElo "1639"]
[Annotator "Rivier,Sylvain"]
[PlyCount "110"]
[EventDate "2022.??.??"]

{Défense sicilienne, gambit Morra} 1. e4 c5 2. d4 cxd4 3. c3 dxc3 4. Nxc3 Nc6
5. Nf3 a6 6. Bc4 e6 7. O-O b5 8. Bb3 Bb7 9. Qe2 Qc7 10. Be3 Nf6 11. Rac1 Qb8
12. g3 Be7 13. Bf4 e5 14. Be3 Na5 15. Bd5 Nxd5 16. Nxd5 Bxd5 17. exd5 Nc4 18.
Rfe1 O-O 19. b3 Nxe3 20. Qxe3 Ba3 21. Rc2 d6 22. Qe4 f5 23. Qh4 h6 24. Qe7 Re8
25. Qd7 Ra7 26. Qxf5 Rf7 27. Qe4 Ref8 28. Nh4 Bc5 29. Rf1 Qa7 30. Qe1 Rf6 31.
b4 Bd4 32. h3 g5 33. Ng2 Rf3 34. h4 Rxg3 35. Kh2 Rgf3 36. Kg1 gxh4 37. Nxh4
R3f4 38. Ng2 Qg7 39. Kh2 Rg4 40. Rg1 Qg5 41. f4 Bxg1+ 42. Kxg1 Qxf4 43. Rf2
Qxf2+ 44. Qxf2 Rxf2 45. Kxf2 Rxg2+ 46. Kxg2 Kf7 47. Kf3 Kf6 48. Kg4 h5+ 49. Kg3
Kf5 50. Kf3 h4 51. a3 h3 52. Kg3 Ke4 53. Kxh3 Kxd5 54. Kg3 Kc4 55. Kf3 Kb3 0-1

[Event "20e tournoi d'automne"]
[Site "Montigny le Bretonneux"]
[Date "2022.10.22"]
[Round "1.15"]
[White "Duget, Long Jc"]
[Black "Ndika, Anthony"]
[Result "1/2-1/2"]
[WhiteElo "1639"]
[BlackElo "1265"]
[Annotator "Rivier,Sylvain"]
[PlyCount "104"]
[EventDate "2022.??.??"]

{DÃ©fense franÃ§aise, variante Tarrasch fermÃ©e} 1. e4 e6 2. d4 d5 3. Nd2 Nf6
4. e5 Nfd7 5. f4 c5 6. Ngf3 cxd4 7. Nxd4 Nc6 8. N2f3 a6 9. c3 Bc5 10. Nxc6 bxc6
11. Nd4 Bb7 12. Be2 Bb6 13. O-O c5 14. Nf3 O-O 15. Kh1 f6 16. Bd2 fxe5 17. Nxe5
Nxe5 18. fxe5 d4 19. Rxf8+ Qxf8 20. cxd4 cxd4 21. Bf3 Rb8 22. a3 Bc7 23. Bb4
Qf4 24. Bxb7 Rxb7 25. Qf1 Bxe5 26. Qxf4 Bxf4 27. Rf1 Rf7 28. Rd1 Be3 29. Bc5 e5
30. b4 Rf2 31. g3 Rc2 32. Bd6 Rc1 33. Rxc1 Bxc1 34. Bxe5 d3 35. Bc3 d2 36. Bxd2
Bxd2 37. Kg2 Bc1 38. a4 Ba3 39. b5 axb5 40. axb5 Bd6 41. g4 Kf7 42. h4 Ke6 43.
Kf3 Kd5 44. b6 Kc6 45. Ke4 h6 46. Kf5 Ba3 47. Kg6 Bb2 48. g5 hxg5 49. Kxg5 Bf6+
50. Kg6 Kxb6 51. h5 Kc7 52. h6 gxh6 1/2-1/2

[Event "20e tournoi d'automne"]
[Site "Montigny le Bretonneux"]
[Date "2022.10.22"]
[Round "1.16"]
[White "Montay, Jean-Paul"]
[Black "Daele, Herve"]
[Result "0-1"]
[WhiteElo "1229"]
[BlackElo "1591"]
[Annotator "Rivier,Sylvain"]
[PlyCount "58"]
[EventDate "2022.??.??"]

{Gambit dame, dÃ©fense slave, variante d'Ã©change} 1. c4 c6 2. Nc3 Nf6 3. Nf3
d5 4. cxd5 cxd5 5. d4 e6 6. g3 Nc6 7. Bg2 Bb4 8. O-O O-O 9. a3 Bxc3 10. bxc3
Ne4 11. Qc2 Bd7 12. Nd2 Nxd2 13. Bxd2 Rc8 14. e4 Nxd4 15. Qd1 Nb5 16. exd5 exd5
17. Qb3 Bc6 18. Bh3 Rc7 19. a4 Nd6 20. Bf4 Re7 21. Rfe1 Rfe8 22. Kf1 Nc4 23.
Rxe7 Qxe7 24. Qc2 g5 25. Be3 Nxe3+ 26. fxe3 Qxe3 27. Bg2 Re6 28. Qf2 Qxc3 29.
Re1 Rf6 0-1

[Event "20e tournoi d'automne"]
[Site "Montigny le Bretonneux"]
[Date "2022.10.22"]
[Round "1.17"]
[White "Kunne, Ronald"]
[Black "Boye-Monneret, Leonard"]
[Result "1-0"]
[WhiteElo "1533"]
[BlackElo "1199"]
[Annotator "Rivier,Sylvain"]
[PlyCount "37"]
[EventDate "2022.??.??"]

{DÃ fense Caro-Kann, variante d'avance} 1. e4 c6 2. d4 d5 3. e5 Bf5 4. c4 e6 5.
Nc3 dxc4 6. Bxc4 Bb4 7. Nge2 Ne7 8. O-O O-O 9. Ng3 Nd7 10. Nce4 Nb6 11. Be2
Bxe4 12. Nxe4 Nbd5 13. Bg5 Qc7 14. Bd3 Nf5 15. Qg4 Nde7 16. Nf6+ Kh8 17. Qh3 h6
18. g4 gxf6 19. Bxh6 1-0

[Event "20e tournoi d'automne"]
[Site "Montigny le Bretonneux"]
[Date "2022.10.22"]
[Round "1.18"]
[White "Larzilliere, Yoan"]
[Black "Petitgas, Aurelien"]
[Result "0-1"]
[WhiteElo "1199"]
[BlackElo "1516"]
[Annotator "Rivier,Sylvain"]
[PlyCount "62"]
[EventDate "2022.??.??"]

{DÃ©fense franÃ§aise} 1. e4 e6 2. b3 d5 3. Bb2 dxe4 4. Nc3 Nf6 5. Qe2 Nbd7 6.
Nxe4 Nxe4 7. Qxe4 Nf6 8. Qf3 Be7 9. O-O-O O-O 10. Bd3 a5 11. a4 c6 12. g4 b5
13. Bxb5 cxb5 14. Qxa8 Qc7 15. Qg2 Bb7 16. f3 Rc8 17. d3 bxa4 18. bxa4 Nd5 19.
Re1 Bg5+ 20. Kd1 Qb6 21. c4 Nf4 22. Qc2 Nxd3 23. Qxd3 Rd8 24. Kc2 Rxd3 25. Kxd3
Qxb2 26. Rd1 Qb3+ 27. Ke2 Qxc4+ 28. Ke1 Qc3+ 29. Ke2 Ba6+ 30. Kf2 Qc2+ 31. Ke1
Bh4# 0-1

[Event "20e tournoi d'automne"]
[Site "Montigny le Bretonneux"]
[Date "2022.10.22"]
[Round "1.19"]
[White "Larzilliere, Eric"]
[Black "Yu, Etan"]
[Result "1-0"]
[WhiteElo "1457"]
[BlackElo "1199"]
[Annotator "Rivier,Sylvain"]
[PlyCount "93"]
[EventDate "2022.??.??"]

{Défense sicilienne, variante Najdorf} 1. e4 c5 2. Nf3 d6 3. d4 cxd4 4. Nxd4
Nf6 5. Nc3 a6 6. Bg5 e6 7. f4 Nbd7 8. Qf3 Be7 9. O-O-O Nc5 10. e5 Nfd7 11. Bxe7
Qxe7 12. exd6 Qxd6 13. Nf5 Qf8 14. Nd6+ Kd8 15. b4 Kc7 16. bxc5 Nxc5 17. Nce4
Nxe4 18. Qxe4 Qe7 19. Qe5 Kb6 20. Nc4+ Ka7 21. Qd4+ Kb8 22. Qd6+ Qxd6 23. Rxd6
Kc7 24. Rd4 Bd7 25. Ne5 Be8 26. Bc4 f6 27. Nf3 Bf7 28. Rhd1 Rad8 29. Rxd8 Rxd8
30. Rxd8 Kxd8 31. f5 Ke7 32. fxe6 Bxe6 33. Bxe6 Kxe6 34. Kd2 b5 35. Kd3 Kd5 36.
Nd4 g6 37. g4 b4 38. h3 h6 39. Ne2 a5 40. Nf4+ Kc5 41. Nxg6 a4 42. Nf4 a3 43.
Nh5 f5 44. gxf5 Kd5 45. f6 Ke6 46. Kc4 b3 47. Kxb3 1-0

[Event "20e tournoi d'automne"]
[Site "Montigny le Bretonneux"]
[Date "2022.10.23"]
[Round "2.1"]
[White "Demiro O Domiro, Marc"]
[Black "Gouanelle, Franck"]
[Result "0-1"]
[WhiteElo "1639"]
[BlackElo "2065"]
[Annotator "Rivier,Sylvain"]
[PlyCount "84"]
[EventDate "2022.??.??"]

{Partie du pion dame} 1. d4 d5 2. Bf4 Nf6 3. e3 c5 4. c3 Qb6 5. Qb3 c4 6. Qc2
Nc6 7. Nd2 Bg4 8. b3 cxb3 9. axb3 Rc8 10. Qb2 Bf5 11. Ngf3 h6 12. h3 e6 13. Be2
Be7 14. O-O O-O 15. Ne5 Nxe5 16. Bxe5 a6 17. Bh2 Ne4 18. Nxe4 Bxe4 19. Rfd1 Rc6
20. f3 Bg6 21. Bg3 Rfc8 22. Rdc1 Bg5 23. Kf2 h5 24. Bh2 Bh4+ 25. Kg1 Bf6 26. f4
h4 27. Kh1 Be7 28. Ra4 Qd8 29. c4 b5 30. Raa1 bxc4 31. bxc4 dxc4 32. Qa2 Qd5
33. Qa5 Be4 34. Qxd5 exd5 35. Bf3 Bxf3 36. gxf3 Rb8 37. Rc2 Rb3 38. Bg1 Bb4 39.
Bf2 a5 40. Rca2 c3 41. Rc2 Rb2 42. Ra2 Rxa2 0-1

[Event "20e tournoi d'automne"]
[Site "Montigny le Bretonneux"]
[Date "2022.10.23"]
[Round "2.2"]
[White "Divies, Renaud"]
[Black "Ascencio-Parvy, Joseph"]
[Result "1-0"]
[WhiteElo "1930"]
[BlackElo "1650"]
[Annotator "Rivier,Sylvain"]
[PlyCount "73"]
[EventDate "2022.??.??"]

{Ouverture anglaise} 1. c4 Nf6 2. Nc3 d5 3. cxd5 Nxd5 4. g3 e5 5. Bg2 Nf6 6.
Qb3 Nc6 7. Nf3 Bc5 8. O-O O-O 9. d3 h6 10. Na4 Bd6 11. Be3 Rb8 12. Rfc1 Na5 13.
Qd1 b6 14. Bd2 Nb7 15. b4 Qe7 16. Rab1 Re8 17. Qc2 c5 18. b5 Nd8 19. Nb2 Ne6
20. e3 Nc7 21. Nc4 e4 22. Nxd6 Qxd6 23. dxe4 Nxe4 24. Rd1 Nxd2 25. Rxd2 Qe7 26.
Qa4 a5 27. bxa6 b5 28. a7 Ra8 29. Qa5 Ne6 30. Qxb5 Rxa7 31. Rbd1 Ba6 32. Qb6
Rea8 33. Ne5 Rc8 34. Nc6 Qb7 35. Qxa7 Rxc6 36. Qxb7 Bxb7 37. Rd7 1-0

[Event "20e tournoi d'automne"]
[Site "Montigny le Bretonneux"]
[Date "2022.10.23"]
[Round "2.3"]
[White "Forissier, Nicolas"]
[Black "Daele, Herve"]
[Result "1-0"]
[WhiteElo "1922"]
[BlackElo "1591"]
[Annotator "Rivier,Sylvain"]
[PlyCount "43"]
[EventDate "2022.??.??"]

{Gambit dame, dÃ fense semi-slave} 1. d4 d5 2. c4 c6 3. Nc3 Nf6 4. e3 e6 5. Nf3
dxc4 6. Bxc4 b5 7. Bb3 Bb7 8. O-O Be7 9. e4 b4 10. e5 bxc3 11. exf6 Bxf6 12.
bxc3 Nd7 13. Ba3 Be7 14. Bxe7 Qxe7 15. Re1 Qd6 16. Ng5 O-O 17. Nxe6 Rae8 18.
Nxf8 Rxe1+ 19. Qxe1 Kxf8 20. Qe3 Qg6 21. Re1 Nf6 22. Qe7+ 1-0

[Event "20e tournoi d'automne"]
[Site "Montigny le Bretonneux"]
[Date "2022.10.23"]
[Round "2.4"]
[White "Petitgas, Aurelien"]
[Black "Delmas-Goyon, Francois"]
[Result "1/2-1/2"]
[WhiteElo "1516"]
[BlackElo "1899"]
[Annotator "Rivier,Sylvain"]
[PlyCount "56"]
[EventDate "2022.??.??"]

{DÃ©fense sicilienne, variante TaÃ¯manov} 1. e4 c5 2. Nf3 e6 3. d4 cxd4 4. Nxd4
Nc6 5. Nc3 Qc7 6. Be3 a6 7. Qf3 Bd6 8. O-O-O Be5 9. Nxc6 bxc6 10. Bd4 Nf6 11.
Bxe5 Qxe5 12. Qg3 Qxg3 13. hxg3 d5 14. exd5 cxd5 15. f4 Bb7 16. Rg1 Ke7 17. Be2
Rhd8 18. Bf3 Ne4 19. Nxe4 dxe4 20. Be2 f5 21. Rxd8 Rxd8 22. Rd1 Rxd1+ 23. Kxd1
e5 24. b4 Kd6 25. c4 h6 26. Kd2 a5 27. a3 axb4 28. axb4 exf4 1/2-1/2

[Event "20e tournoi d'automne"]
[Site "Montigny le Bretonneux"]
[Date "2022.10.23"]
[Round "2.5"]
[White "Martin-Breteau, Paul"]
[Black "Beaufils, Philippe"]
[Result "1-0"]
[WhiteElo "1329"]
[BlackElo "1774"]
[Annotator "Rivier,Sylvain"]
[PlyCount "47"]
[EventDate "2022.??.??"]

{DÃ©fense franÃ§aise, variante d'avance} 1. e4 e6 2. d4 d5 3. e5 c5 4. c3 Nc6
5. Nf3 Qc7 6. Bd3 f6 7. Qe2 f5 8. Be3 c4 9. Bc2 Nge7 10. h4 Bd7 11. Nbd2 b5 12.
a3 a5 13. h5 a4 14. h6 gxh6 15. Bxh6 O-O-O 16. Ng5 Bxh6 17. Rxh6 Rdg8 18. Nf7
Rxg2 19. Nxh8 Rg1+ 20. Nf1 Rg7 21. Rf6 Nd8 22. Qh5 Ng8 23. Rf8 Kb7 24. Nf7 1-0